000
00263nam a2200133Ia 4500
100
_a
Palani/S
942
_c
BK
366
_f
20
245
_a
Basic system analysis
260
_b
Ane Books
_c
2011
082
_a
621.3
_b
PAL
546
_a
ENGLISH
_c
TTL
999
_c
20787
_d
20787